SISTEMA DE BIBLIOTECAS


Percepciones ambientales frente al extractivismo, sequía y escasez hídrica, en localidades rurales de Illapel, IV región Coquimbo (Record no. 63616)

MARC details
000 -CABECERA
campo de control de longitud fija 02919nmm a22002777a 4500
001 - NÚMERO DE CONTROL
campo de control 000321
003 - IDENTIFICADOR DEL NÚMERO DE CONTROL
campo de control UAHC_CL
005 - FECHA Y HORA DE LA ÚLTIMA TRANSACCIÓN
campo de control 20260417165305.0
008 - DATOS DE LONGITUD FIJA--INFORMACIÓN GENERAL
campo de control de longitud fija 260417s2023 cl o d 000 spa d
040 ## - FUENTE DE LA CATALOGACIÓN
Centro catalogador/agencia de origen UAHC_CL
Centro/agencia transcriptor UAHC_CL
Centro/agencia modificador UAHC_CL
100 ## - ENTRADA PRINCIPAL--NOMBRE DE PERSONA
Nombre de persona González Arias, Francisca
9 (RLIN) 23328
245 10 - MENCIÓN DE TÍTULO
Título Percepciones ambientales frente al extractivismo, sequía y escasez hídrica, en localidades rurales de Illapel, IV región Coquimbo
Mención de responsabilidad, etc. Francisca González ; profesor guía Miguel Bahamondes.
Resto del título un análisis contextual e histórico
260 ## - PUBLICACIÓN, DISTRIBUCIÓN, ETC.
Lugar de publicación, distribución, etc. Santiago, Chile :
Nombre del editor, distribuidor, etc. Universidad Academia de Humanismo Cristiano,
Fecha de publicación, distribución, etc. 2024.
300 ## - DESCRIPCIÓN FÍSICA
Extensión 124 páginas.
500 ## - NOTA GENERAL
Nota general Tesis para optar al grado de Licenciado/a en Antropología y al título de Antropólogo/a Social.
502 ## - NOTA DE TESIS
Nota de tesis Tesis (Antropología) -- Universidad Academia de Humanismo Cristiano, 2024.
516 ## - NOTA DE TIPO DE ARCHIVO DE ORDENADOR O DE DATOS
Nota de tipo de archivo de ordenador o de datos Tesis electrónica (PDF). Solicitar envío de documento a biblioteca@academia.cl.
520 ## - SUMARIO, ETC.
Sumario, etc. La sequía y escasez hídrica es un tema de conversación cada vez más común en el colectivo social, de vez en cuando se puede ir caminando por la calle o recorriendo el supermercado, otras veces en la locomoción colectiva y escuchar el “hace tiempo no llueve” o “no ha llovido”, pero esas frases siempre contienen un poco de esperanza para que cada año sea mejor que el anterior, en ocasiones se recurre a conocimientos tradicionales tales <br/>como: ver la cantidad de hormigas que hay en el verano para saber si el año será bueno o no. La presente investigación se centra geográficamente en la IV región de Coquimbo, hacia el interior de sus valles transversales, específicamente en la localidad de Illapel y su ruralidad, los actores principales son dos, los habitantes de las comunidades rurales y el extractivismo minero presente desde hace ya 20 años. Esto en el contexto climático de sequía y escasez hídrica, la investigación pretende unir estos tres puntos existiendo como objetivo describir y analizar la percepción de los habitantes de localidades rurales de Illapel <br/>(Limahuida, Canelillo, Cañas 1, Peralillo, entre otras) respecto a la sequía, la escasez de agua y el extractivismo. Se busca comprender cómo estos fenómenos son percibidos y experimentados por la comunidad, así como las estrategias que han adoptado para enfrentar estos desafíos. A través de una metodología cualitativa que incluye entrevistas, encuestas y observación participante, se pretende recoger y analizar las voces y experiencias de los residentes, proporcionando una visión integral de la situación actual.
650 #0 - PUNTO DE ACCESO ADICIONAL DE MATERIA--TÉRMINO DE MATERIA
Término de materia o nombre geográfico como elemento de entrada Sequías
Subdivisión general Aspectos sociales
9 (RLIN) 17095
650 #0 - PUNTO DE ACCESO ADICIONAL DE MATERIA--TÉRMINO DE MATERIA
Término de materia o nombre geográfico como elemento de entrada Abastecimiento de agua
Subdivisión general Aspectos sociales
Subdivisión geográfica Chile
9 (RLIN) 15858
650 #0 - PUNTO DE ACCESO ADICIONAL DE MATERIA--TÉRMINO DE MATERIA
Término de materia o nombre geográfico como elemento de entrada Abastecimiento de agua
9 (RLIN) 14764
650 #0 - PUNTO DE ACCESO ADICIONAL DE MATERIA--TÉRMINO DE MATERIA
Término de materia o nombre geográfico como elemento de entrada Sequías
Subdivisión general Aspectos económicos
9 (RLIN) 17096
700 ## - PUNTO DE ACCESO ADICIONAL--NOMBRE DE PERSONA
Nombre de persona Bahamondes Parrao, Miguel
9 (RLIN) 138
Término indicativo de función/relación profesor guía
900 ## - ELEMENTOS DE DATOS A LOCAL, LDA (RLIN)
Nombre de persona TANT 388
942 ## - ELEMENTOS DE PUNTO DE ACCESO ADICIONAL (KOHA)
Tipo de ítem Koha Tesis
Fuente del sistema de clasificación o colocación Dewey Decimal Classification
Holdings
Estado de retiro Estado de pérdida Fuente del sistema de clasificación o colocación Estado dañado No para préstamo Código de colección Carrera Localización permanente Ubicación/localización actual Ubicación en estantería Fecha de adquisición Total de préstamos Signatura topográfica completa Fecha visto por última vez Precio válido a partir de Tipo de ítem Koha Nota pública
    Dewey Decimal Classification     Bibliografía Complementaria Antropología Biblioteca Central Biblioteca Central Colección Digital 2026-04-17   TANT 388 2026-04-17 2026-04-17 Tesis Documento en PDF



©2023 Unidad de Procesos Comunicacionales / Universidad Academia de Humanismo Cristiano